Die Hormone der Schilddrüse und ihre Wirkungen /
Uložené v:
| Hlavný autor: | |
|---|---|
| Médium: | Kniha |
| Jazyk: | German |
| Vydané: |
Basel :
Benno Schwabe & Co,
1943.
|
| Vydanie: | 1. Aufl. |
| ISBN: |
(brož.) |
| Fyzický popis: |
236 s. + : obr., tab. |
| Tagy: |
Pridať tag
Žiadne tagy, Buďte prvý kto otaguje tento záznam!
|
Titul je dostupný aj v ... 

MARC
| LEADER | 00000nam a2200000 4500 | ||
|---|---|---|---|
| 001 | 000511176 | ||
| 005 | 20160705224627.0 | ||
| 008 | 111108 1943 sz e ger d | ||
| 020 | |a (brož.) | ||
| 040 | |a SVKKK |b slo |c SVKKK |e AACR2 | ||
| 041 | 0 | |a ger | |
| 044 | |a sz |c CH | ||
| 100 | 1 | |a Mansfeld, G. |4 aut | |
| 245 | 1 | 4 | |a Die Hormone der Schilddrüse und ihre Wirkungen / |c G. Mansfeld. |
| 250 | |a 1. Aufl. | ||
| 260 | |a Basel : |b Benno Schwabe & Co, |c 1943. | ||
| 300 | |a 236 s. + : |b obr., tab. | ||
| 500 | |a Obsahuje register | ||
| 910 | |a svkkk | ||
| 998 | |a BK | ||
| 090 | |g SCKHL |k Sklad Pribinova 1. posch. |a IV.82452 |j 516677 |i 511176-10 |s Prezenčne | ||